LIBRARY & INFORMATION CENTRE, KCAET, TAVANUR

ONLINE PUBLIC ACCESS CATALOGUE (OPAC)

Modification and evaluation of master control unit for different irrigation systems (Record no. 15055)

MARC details
000 -LEADER
fixed length control field 00857nam a22001817a 4500
003 - CONTROL NUMBER IDENTIFIER
control field OSt
088 ## - REPORT NUMBER
Report number P 41
100 ## - MAIN ENTRY--AUTHOR NAME
Personal name UDAYAKUMAR K. S
245 ## - TITLE STATEMENT
Title Modification and evaluation of master control unit for different irrigation systems
260 ## - PUBLICATION, DISTRIBUTION, ETC. (IMPRINT)
Place of publication Tavanur 1994
Name of publisher Department of Land & Water Resources & Conservation Engineering
300 ## - PHYSICAL DESCRIPTION
Number of Pages 96
500 ## - GENERAL NOTE
General note Modification and evaluation of master control unit for different irrigation systems
520 ## - SUMMARY, ETC.
Summary, etc pwo pop -up sprinkler heads, full circle and quarter circle. The wetted radius, application depth, discharge, distribution pattern, distribution characteristics and coefficient of variation for the two sprinkler
700 ## - ADDED ENTRY--PERSONAL NAME
Personal name Er. Xavier K. Jacob (Guide)
856 ## - ELECTRONIC LOCATION AND ACCESS
Uniform Resource Identifier https://drive.google.com/open?id=1Lx91QbPxvCrfm65cZVqLq1CcLJ_jlwI8
942 ## - ADDED ENTRY ELEMENTS (KOHA)
Koha item type Project Report
Holdings
Collection code Home library Current library Shelving location Full call number Accession Number Koha item type
Reference KAUAET KAUAET Reference 631.75 807 UDA/MO P 41 Project Report
free website counter